000 03418nam a2200313 a 4500
003 OSt
005 20250924102720.0
007 cr ||||||a|a|a
008 250826s2025 mx a|||fom||| 001 0 spa d
040 _erda
100 1 _aRodríguez Martínez, Manuel Alejandro
_9190974
245 1 0 _aEvaluación de la población de serpientes dentro de las áreas experimentales de la Universidad Autónoma Chapingo /
_cpor Manuel Alejandro Rodriguez Martinez; director de tesis José Rico Cerda; secretario Beatriz Cecilia Aguilar Valdez; vocal Luis Ramón Munive Hernández; suplente Judith Bandala Aguilar; suplente Javier Santillán Pérez.
264 1 _aChapingo, México :
_bEl autor,
_c2025.
300 _a1 recurso en línea (92 páginas):
_bcuadros, figuras.
336 _2rdacontent
_atexto
_btxt
337 _2rdamedia
_acomputadora
_bc
338 _2rdacarrier
_arecurso en línea
_bcr
502 _bIF
_cDICIFO
_d2025.
_gLIC
504 _aIncluye referencias bibliográficas:76-81 páginas .
520 _aEl presente estudio se llevó a cabo en áreas experimentales de la Universidad Autónoma Chapingo para evaluar la comunidad de serpientes, enfocándose en su distribución espacial, características morfológicas y la eficacia de las trampas de calor (T.C) como refugios a lo largo de diferentes estaciones del año. Utilizando un método de observación directa y análisis cuantitativo, se realizaron monitoreos en el año 2019 antes de pandemia y en el año 2023. Los resultados muestran un registro de 66 individuos en 2019 y 40 individuos en 2023 pertenecientes a cuatro especies, siendo Conopsis lineata, Pituophis deppei, Thamnophis scaliger y Salvadora grahamiae, además de la presencia de Indotyphlops braminus en el área de estudio, fuera de las trampas de calor. Pituophis deppei y Thamnophis scaliger, clasificadas como amenazadas de acuerdo con la Norma Oficial Mexicana 059-SEMARNAT-2010, representaron el 55% de registros en 2023 y el 75% de los registros de 2019. Por otra parte, para Salvadora grahamiae se observaron desequilibrios en la proporción de sexos, con un 90% de machos en 2023 y el 100% en 2019. Asimismo, se notó un cambio significativo en la presencia de Conopsis lineata, ausente en el monitoreo de 2023. Los resultados mostraron que las trampas de calor son una herramienta eficaz para el monitoreo y conservación, identificando factores como la temperatura, la humedad y el sustrato como determinantes de su eficacia. En conclusión, el trabajo realizado resalta la importancia de las T.C como un método de monitoreo de serpientes en hábitats alterados, sugiriendo su aplicación en contextos ecológicos similares. La preservación de áreas como el huerto de Cupressus guadalupensis es esencial para mantener la biodiversidad local y mitigar los efectos de la actividad humana y las alteraciones climáticas.
650 4 _aSerpientes
_zUniversidad Autonoma Chapingo
_xIdentificación
_9191230
700 1 _aRico Cerda, José
_997321
_edirector.
700 1 _aAguilar Valdez, Beatriz Cecilia
_9190689
_esecretario.
700 1 _aMunive Hernández, Luis Ramón
_9185887
_evocal.
700 1 _aBandala Aguilar, Judith
_9133739
_esuplente.
700 1 _aSantillán Pérez, Javier
_9102430
_esuplente.
856 _uhttp://10.13.5.2/tesis/tl/1812203-5_RODRIGUEZ_MARTINEZ_MANUELALEJANDRO.pdf
_zDESCARGAR PDF
942 _2Clasificación Universidad Autónoma Chapingo
_cTD
999 _c220853
_d220853